|
|
|
|
| LEADER |
00963nam a2200301 4500 |
| 001 |
DLU090069963 |
| 005 |
##20090521 |
| 040 |
# |
# |
|a DLU
|b eng
|
| 041 |
# |
# |
|a eng
|
| 044 |
# |
# |
|a US
|
| 100 |
# |
# |
|a Foertsch, Jacqueline.
|
| 245 |
# |
# |
|a "Extraordinarily convenient neighbors" : African-American characters in white-authored post-atomic novels /
|c Jacqueline Foertsch.
|
| 653 |
# |
# |
|a African-American servant figures
|
| 653 |
# |
# |
|a Frank, Pat, 1908-
|
| 653 |
# |
# |
|a Merril, Judith, 1923-1997
|
| 653 |
# |
# |
|a Post-atomic novels
|
| 653 |
# |
# |
|a Radioactivity
|
| 653 |
# |
# |
|a Wylie, Philip, 1902-1971
|
| 773 |
# |
# |
|t Journal of Modern Literature
|g Vol. 30, no. 4 (Summer 2007), p. 122-138
|
| 920 |
# |
# |
|a Phòng Tạp chí -- Trung tâm Thông tin - Thư viện Trường Đại học Đà Lạt
|
| 994 |
# |
# |
|a DLU
|
| 900 |
# |
# |
|a True
|
| 911 |
# |
# |
|a Trương Bảo Trâm Anh
|
| 925 |
# |
# |
|a G
|
| 926 |
# |
# |
|a A
|
| 927 |
# |
# |
|a BB
|
| 980 |
# |
# |
|a Thư viện Trường Đại học Đà Lạt
|